[Event "4NCL Online Division 5"]
[Site "online"]
[Date "2021.04.20"]
[EventDate "2021.04.20"]
[Round "7.74"]
[White "Reilly, Gerard"]
[WhiteElo "1792"]
[WhiteTeam "Hackney Hackers"]
[Black "Henderson, Jason"]
[BlackElo "1680"]
[BlackTeam "Calstock Killers"]
[Result "0-1"]
[PlyCount "48"]

1. d4 e6 2. c4 b6 3. Nc3 Bb7 4. e4 Bb4 5. Bd3 f5 6. exf5 Bxg2 7. Qh5+ Kf8 8. fxe6 dxe6 9. Nf3 Nf6 10. Qh4 Bxh1 11. Ne5 Nbd7 12. Ng6+ Kg8 13. Nxh8 Kxh8 14. Bg5 Qf8 15. O-O-O Bf3 16. Re1 Bxc3 17. bxc3 Re8 18. Re3 Bg4 19. Bg6 Qa3+ 20. Kd2 Qb2+ 21. Kd3 Bf5+ 22. Bxf5 Qb1+ 23. Kd2 Qxf5 24. Rh3 Ne4+ 0-1

[Event "4NCL Online Division 5"]
[Site "online"]
[Date "2021.04.20"]
[EventDate "2021.04.20"]
[Round "7.81"]
[White "Correa, Rebecca"]
[WhiteElo "1463"]
[WhiteTeam "Manchester Juniors C"]
[Black "Robins, Andrew"]
[BlackElo "1761"]
[BlackTeam "Ashfield Anonymous D"]
[Result "0-1"]
[PlyCount "164"]

1. d4 Nf6 2. Nf3 g6 3. Bf4 Bg7 4. h3 c5 5. c3 b6 6. e3 Bb7 7. Be2 d6 8. O-O O-O 9. Nbd2 Nbd7 10. Rc1 Qc7 11. Qc2 Rac8 12. Rfe1 Rfe8 13. Nh2 Nd5 14. Bg3 cxd4 15. Qd3 dxc3 16. bxc3 N7f6 17. c4 Nb4 18. Qb3 Nc6 19. Ng4 Na5 20. Qc2 Nd7 21. Rb1 Qc5 22. Rec1 Ba6 23. a4 d5 24. Bf3 Bxc4 25. Nxc4 Qxc4 26. Qxc4 dxc4 27. Be2 h5 28. Nh2 Ne5 29. Nf1 Red8 30. e4 Nd3 31. Rd1 Nc5 32. f3 Bd4+ 33. Kh2 c3 34. Rdc1 Ncb3 35. Rc2 Nc4 36. Rxb3 Nd2 37. Nxd2 cxd2 38. Rxc8 Rxc8 39. Rd3 Rc4 40. Rxd2 Rxa4 41. Rd1 Rb4 42. Be1 Rb2 43. Bc4 Bc5 44. Ra1 a5 45. Bd5 e6 46. Bc6 Rc2 47. Ba4 Rc4 48. Bb5 Rd4 49. Bf2 Rb4 50. Bxc5 Rxb5 51. Bf2 Rb2 52. Bd4 Rb4 53. Be5 Rb5 54. Bc7 Kf8 55. Kg3 Ke8 56. Kf4 Kd7 57. Be5 Kc6 58. Bd4 Kd6 59. Rd1 Ke7 60. e5 Rd5 61. Ke4 b5 62. Rb1 b4 63. Ra1 Rb5 64. Ra4 Kd7 65. Kf4 Kc6 66. Kg5 Rd5 67. Ba1 Kb5 68. Ra2 b3 69. Re2 a4 70. Kf6 Rd7 71. Kg7 a3 72. Kf6 Kc4 73. Kg7 Rb7 74. Re4+ Kd3 75. Rd4+ Ke2 76. Ra4 b2 77. Bxb2 axb2 78. Ra2 Ke3 79. Ra3+ Kf4 80. Ra4+ Kxe5 81. Ra5+ Kf4 82. Ra4+ Kg3 0-1

[Event "4NCL Online Division 5"]
[Site "online"]
[Date "2021.04.20"]
[EventDate "2021.04.20"]
[Round "7.82"]
[White "Bentley, Alex"]
[WhiteElo "1750"]
[WhiteTeam "Ashfield Anonymous D"]
[Black "Eccleston, Bryony"]
[BlackElo "1387"]
[BlackTeam "Manchester Juniors C"]
[Result "1-0"]
[PlyCount "55"]

1. e4 d5 2. exd5 Nf6 3. c4 Bf5 4. Nf3 g6 5. Nc3 Bg7 6. d4 Nbd7 7. Bd3 Bg4 8. h3 Bxf3 9. Qxf3 Ng8 10. Be3 a5 11. O-O Ra6 12. c5 Rf6 13. Qg3 Bh6 14. Nb5 c6 15. dxc6 Rxc6 16. Be4 Rc8 17. Bxb7 Rb8 18. c6 Qb6 19. cxd7+ Kxd7 20. Qxb8 Qxb5 21. Bc8+ Kc6 22. Bd7+ Kxd7 23. Qxb5+ Kd6 24. Qb8+ Kd7 25. Bxh6 Nxh6 26. Qxh8 Kd6 27. Rac1 Kd5 28. Qe5# 1-0

[Event "4NCL Online Division 5"]
[Site "online"]
[Date "2021.04.20"]
[EventDate "2021.04.20"]
[Round "7.83"]
[White "Correa, Edward"]
[WhiteElo "1270"]
[WhiteTeam "Manchester Juniors C"]
[Black "Hardman, Daniel"]
[BlackElo "1536"]
[BlackTeam "Ashfield Anonymous D"]
[Result "1/2-1/2"]
[PlyCount "34"]

1. d4 f5 2. Bf4 Nf6 3. Nf3 e6 4. e3 Be7 5. c4 Ne4 6. Nc3 d5 7. Nxe4 fxe4 8. Nd2 O-O 9. Be2 Nd7 10. O-O c6 11. f3 exf3 12. Nxf3 Bf6 13. c5 Qe8 14. Bd6 Be7 15. Bf4 Bf6 16. Bd6 Be7 17. Bf4 Bf6 1/2-1/2

[Event "4NCL Online Division 5"]
[Site "online"]
[Date "2021.04.20"]
[EventDate "2021.04.20"]
[Round "7.84"]
[White "Fraser, Chris"]
[WhiteElo "1607"]
[WhiteTeam "Ashfield Anonymous D"]
[Black "Topping, Rachel"]
[BlackElo "1225"]
[BlackTeam "Manchester Juniors C"]
[Result "0-1"]
[PlyCount "66"]

1. e4 e5 2. Nf3 Nc6 3. d4 f6 4. Bc4 Nge7 5. dxe5 Nxe5 6. Nxe5 fxe5 7. Bg5 h6 8. Bxe7 Qxe7 9. Qh5+ Kd8 10. O-O Qb4 11. Bb3 Qxe4 12. Nc3 Qf4 13. Rae1 Bd6 14. Re4 Qf6 15. Nd5 Qg5 16. Qe2 c6 17. Rg4 Qh5 18. Nc3 e4 19. g3 e3 20. Rh4 exf2+ 21. Rxf2 Qg5 22. Rg4 Qc1+ 23. Kg2 Qxb2 24. Rxg7 Qxc3 25. Rff7 Re8 26. Qf3 Qd2+ 27. Kh3 Re2 28. Qf6+ Kc7 29. Be6 Rxe6 30. Qxe6 Kb6 31. Qb3+ Bb4 32. Rf4 d6+ 33. Kh4 Qxh2# 0-1

[Event "4NCL Online Division 5"]
[Site "online"]
[Date "2021.04.20"]
[EventDate "2021.04.20"]
[Round "7.91"]
[White "Karthikeyan, Pranav"]
[WhiteElo "722"]
[WhiteTeam "BCC Foxes"]
[Black "Brown, Tom"]
[BlackElo "2068"]
[BlackTeam "Braunstone 1"]
[Result "0-1"]
[PlyCount "102"]

1. e4 c6 2. d4 d5 3. e5 Bf5 4. h4 h5 5. Nf3 e6 6. Be2 c5 7. c3 Nc6 8. a3 cxd4 9. cxd4 Qb6 10. b4 Nge7 11. Bb2 Bg4 12. Nbd2 Nf5 13. Nb3 a5 14. b5 Na7 15. a4 Bb4+ 16. Kf1 O-O 17. Rc1 Rac8 18. Ng5 Bxe2+ 19. Qxe2 Rxc1+ 20. Bxc1 g6 21. Bb2 Rc8 22. g4 hxg4 23. Qxg4 Rc2 24. Ba1 Nxb5 25. h5 Nc3 26. hxg6 Qa6+ 27. Kg1 fxg6 28. Rh8+ Kg7 29. Rh7+ Kf8 30. Qh3 Ne2+ 31. Kh1 Neg3+ 32. fxg3 Ke8 33. Rf7 Be7 34. Nc5 Rc1+ 35. Kh2 Qe2+ 36. Qg2 Qxg2+ 37. Kxg2 Bxg5 38. Rxb7 Rxa1 39. Rb8+ Kf7 40. Rb7+ Be7 41. Ra7 Nxd4 42. Rxa5 Bxc5 43. Rxc5 Rxa4 44. Rc7+ Kf8 45. Rc8+ Ke7 46. Rc7+ Kd8 47. Rg7 Ra2+ 48. Kh3 Nf3 49. Rg8+ Kd7 50. Rg7+ Kc6 51. Rxg6 Rh2+ 0-1

[Event "4NCL Online Division 5"]
[Site "online"]
[Date "2021.04.20"]
[EventDate "2021.04.20"]
[Round "7.92"]
[White "Bray, David"]
[WhiteElo "2036"]
[WhiteTeam "Braunstone 1"]
[Black "Tran, Le Gia Khuong"]
[BlackElo "726"]
[BlackTeam "BCC Foxes"]
[Result "1-0"]
[PlyCount "59"]

1. Nf3 d5 2. d4 Bf5 3. c4 Nf6 4. Nc3 e6 5. Bg5 Bb4 6. Qa4+ Nc6 7. Ne5 Bxc3+ 8. bxc3 O-O 9. Nxc6 bxc6 10. Qxc6 Ne4 11. Bxd8 Rfxd8 12. f3 Nxc3 13. cxd5 Nxd5 14. e4 Ne7 15. Qxc7 Ng6 16. exf5 exf5 17. Bc4 Nh8 18. O-O Rxd4 19. Rad1 Rxd1 20. Rxd1 h6 21. Rd8+ Rxd8 22. Qxd8+ Kh7 23. Qa5 g5 24. Qxf5+ Kg7 25. Qe5+ f6 26. Qe7+ Kg6 27. g4 h5 28. Bd3+ Kh6 29. Qxf6+ Ng6 30. Qxg6# 1-0

[Event "4NCL Online Division 5"]
[Site "online"]
[Date "2021.04.20"]
[EventDate "2021.04.20"]
[Round "7.93"]
[White "Panunzio, Jacopo"]
[WhiteElo "695"]
[WhiteTeam "BCC Foxes"]
[Black "Tang, Julian"]
[BlackElo "1834"]
[BlackTeam "Braunstone 1"]
[Result "0-1"]
[PlyCount "54"]

1. e4 d5 2. Nc3 d4 3. Nd5 e5 4. d3 c6 5. Nb4 Bxb4+ 6. Bd2 Bxd2+ 7. Qxd2 Nf6 8. Nf3 Nbd7 9. O-O-O O-O 10. Ng5 h6 11. Nf3 Re8 12. Be2 b5 13. Nh4 Nb6 14. f3 a5 15. b3 c5 16. f4 Nxe4 17. dxe4 Qxh4 18. fxe5 Rxe5 19. c4 bxc4 20. bxc4 Be6 21. Qb2 Qf4+ 22. Kb1 Rb8 23. Ka1 Nd7 24. Qa3 Rxe4 25. Bd3 Qe5 26. Bxe4 d3+ 27. Qb2 Qxb2# 0-1

[Event "4NCL Online Division 5"]
[Site "online"]
[Date "2021.04.20"]
[EventDate "2021.04.20"]
[Round "7.94"]
[White "Booley, Graham M"]
[WhiteElo "1799"]
[WhiteTeam "Braunstone 1"]
[Black "Wang, Mark"]
[BlackElo "704"]
[BlackTeam "BCC Foxes"]
[Result "1-0"]
[PlyCount "59"]

1. e4 e5 2. Nf3 Nc6 3. Bb5 Bc5 4. O-O d6 5. h3 Nf6 6. Re1 O-O 7. c3 Be6 8. d4 exd4 9. cxd4 Bb4 10. Nc3 a6 11. Ba4 b5 12. Bc2 d5 13. e5 Nd7 14. Ng5 Qe7 15. Qd3 g6 16. Qe3 Nb6 17. Nf3 Nc4 18. Qh6 a5 19. Bg5 f6 20. Bxf6 Rxf6 21. exf6 Qxf6 22. Ng5 Qg7 23. Qxg7+ Kxg7 24. Nxe6+ Kf7 25. Nxc7 Rb8 26. Na6 Rb6 27. Nxb4 Nxb4 28. Bb3 Nxb2 29. Nxd5 N2d3 30. Nxb6+ 1-0

[Event "4NCL Online Division 5"]
[Site "online"]
[Date "2021.04.20"]
[EventDate "2021.04.20"]
[Round "7.101"]
[White "Cooney, Brendan"]
[WhiteElo "1864"]
[WhiteTeam "St Benildus C"]
[Black "Jeffs, David"]
[BlackElo "1695"]
[BlackTeam "Warley And Quinborne"]
[Result "1-0"]
[PlyCount "135"]

1. e4 c5 2. Nc3 d6 3. f4 e6 4. Nf3 Nc6 5. Be2 g6 6. O-O Bg7 7. d3 Nd4 8. Kh1 Ne7 9. Nxd4 cxd4 10. Nb1 b6 11. Nd2 Bb7 12. Nf3 Rc8 13. Bd2 O-O 14. Rc1 d5 15. e5 Nf5 16. Qe1 Rc7 17. Qf2 Qc8 18. Bd1 Ne3 19. Bxe3 dxe3 20. Qxe3 Bh6 21. Nd4 Ba6 22. Qh3 Bg7 23. Be2 f5 24. c3 Qd7 25. Bd1 Re8 26. Bb3 b5 27. a3 Bf8 28. Qf3 Bc5 29. Ne2 Bb7 30. d4 Bf8 31. g4 Rd8 32. gxf5 exf5 33. Rg1 Qe6 34. Ng3 Kh8 35. h4 h5 36. Ne2 Rh7 37. Kg2 Be7 38. Rh1 Rc8 39. Ng1 a5 40. Qd3 Bc6 41. Nf3 a4 42. Ba2 Rh6 43. Kf2 Rb8 44. Rhg1 Qd7 45. Ng5 Bxg5 46. Rxg5 Qe6 47. Qf3 Rf8 48. Rcg1 Rb8 49. Bb1 Ra8 50. Bd3 Rf8 51. Qe2 Rb8 52. R1g3 Bd7 53. Qf3 Qf7 54. Be2 Rg8 55. Qg2 Kh7 56. Qf1 Qe8 57. Bf3 Qf7 58. Qe2 Qe8 59. Bxd5 Rg7 60. Bf3 Bc6 61. d5 Bb7 62. d6 Bxf3 63. Rxf3 Rb7 64. Rd3 Qe6 65. Rg1 Qc4 66. Qe3 Qe6 67. Qd4 Kg7 68. d7 1-0

[Event "4NCL Online Division 5"]
[Site "online"]
[Date "2021.04.20"]
[EventDate "2021.04.20"]
[Round "7.102"]
[White "Berry, Steve"]
[WhiteElo "1473"]
[WhiteTeam "Warley And Quinborne"]
[Black "Sweeney, Ronan"]
[BlackElo "1758"]
[BlackTeam "St Benildus C"]
[Result "0-1"]
[PlyCount "90"]

1. e4 c5 2. Nf3 d6 3. d4 cxd4 4. Nxd4 Nf6 5. Nc3 g6 6. Bg5 Bg7 7. Bd3 O-O 8. O-O Nc6 9. Nxc6 bxc6 10. Qd2 Qa5 11. a3 Ba6 12. b4 Qb6 13. Be3 Qb7 14. Rab1 Ng4 15. Ne2 Nxe3 16. Qxe3 Bxd3 17. cxd3 d5 18. e5 Qc7 19. d4 f6 20. f4 Rab8 21. Rbc1 Rfc8 22. Rc3 a5 23. Rfc1 axb4 24. Rxc6 Qxc6 25. Rxc6 Rxc6 26. axb4 fxe5 27. fxe5 Rxb4 28. h3 Rb8 29. Qf3 e6 30. Qa3 Rbc8 31. Nf4 Bf8 32. Qg3 Kf7 33. Qh4 Kg8 34. Qg5 Kf7 35. Qf6+ Kg8 36. h4 Bg7 37. Qg5 Rf8 38. h5 Rf5 39. Qg4 Bh6 40. Nxg6 Be3+ 41. Kh2 hxg6 42. Qxg6+ Kf8 43. h6 Bf4+ 44. g3 Rc2+ 45. Kh1 Bxe5 0-1

[Event "4NCL Online Division 5"]
[Site "online"]
[Date "2021.04.20"]
[EventDate "2021.04.20"]
[Round "7.103"]
[White "Willow, David"]
[WhiteElo "1684"]
[WhiteTeam "St Benildus C"]
[Black "Lewis, John B"]
[BlackElo "1433"]
[BlackTeam "Warley And Quinborne"]
[Result "1/2-1/2"]
[PlyCount "93"]

1. e4 e6 2. d3 d5 3. Nd2 dxe4 4. dxe4 b6 5. g3 Bb7 6. Bg2 Nd7 7. Ngf3 g6 8. O-O Bg7 9. Re1 Qe7 10. c3 O-O-O 11. Qc2 Bh6 12. Nb3 Bxc1 13. Raxc1 e5 14. Rcd1 Ngf6 15. Nfd2 Nc5 16. Nxc5 Qxc5 17. Nb3 Qe7 18. a4 Nd7 19. a5 Ba6 20. axb6 cxb6 21. Ra1 Kb7 22. f4 f6 23. f5 Rc8 24. Red1 Rhd8 25. fxg6 hxg6 26. Bh3 Rc7 27. Rd2 Nc5 28. Rxd8 Qxd8 29. Rd1 Qe7 30. Nxc5+ Qxc5+ 31. Qf2 Qxf2+ 32. Kxf2 Rh7 33. Kg2 Kb8 34. Be6 Bb7 35. Bd5 Rd7 36. Kf2 Kc7 37. Ke3 a5 38. Rd2 Bxd5 39. exd5 Kd6 40. g4 g5 41. Rf2 Rf7 42. Ke4 b5 43. Rc2 Rc7 44. Kf5 Rf7 45. Ke4 Rc7 46. Kf5 Rf7 47. Ke4 1/2-1/2

[Event "4NCL Online Division 5"]
[Site "online"]
[Date "2021.04.20"]
[EventDate "2021.04.20"]
[Round "7.104"]
[White "Woodward, Pauline"]
[WhiteElo "1239"]
[WhiteTeam "Warley And Quinborne"]
[Black "Putar, Slavko"]
[BlackElo "1676"]
[BlackTeam "St Benildus C"]
[Result "0-1"]
[PlyCount "36"]

1. e4 e6 2. Nf3 d5 3. exd5 exd5 4. Bd3 Bd6 5. O-O Ne7 6. Re1 Nc6 7. c4 Nb4 8. Qe2 Nxd3 9. Qxd3 O-O 10. cxd5 Nxd5 11. Qxd5 Bxh2+ 12. Kxh2 Qxd5 13. Re5 Qd6 14. Nc3 Bg4 15. d4 f6 16. Bf4 Bxf3 17. gxf3 fxe5 18. Bxe5 Qh6+ 0-1

[Event "4NCL Online Division 5"]
[Site "online"]
[Date "2021.04.20"]
[EventDate "2021.04.20"]
[Round "7.111"]
[White "Hossain Mohammed, Ashraf"]
[WhiteElo "1821"]
[WhiteTeam "Enfield 1"]
[Black "Reynolds, D Ian W"]
[BlackElo "2011"]
[BlackTeam "Redbridge All Sorts 1"]
[Result "0-1"]
[PlyCount "102"]

1. e4 e5 2. Bc4 Nf6 3. d4 exd4 4. e5 d5 5. exd6 Qxd6 6. Nf3 Nc6 7. O-O Be7 8. Re1 O-O 9. h3 h6 10. Nbd2 Bf5 11. Nb3 Rad8 12. a3 a6 13. Nbxd4 Nxd4 14. Qxd4 Qxd4 15. Nxd4 Rxd4 16. Rxe7 Rxc4 17. c3 Re8 18. Rxe8+ Nxe8 19. Be3 Rc6 20. Rd1 Rd6 21. Re1 Nf6 22. Bd4 Re6 23. Rd1 Re2 24. c4 Ne4 25. Rc1 c5 26. Be3 Rxb2 27. f3 Ng3 28. Rd1 Rb1 29. Rxb1 Bxb1 30. Bxc5 Ne2+ 31. Kf2 Bd3 32. Ke3 Bxc4 33. Bb4 f6 34. h4 Kf7 35. Bd2 f5 36. f4 b5 37. Kf2 Nd4 38. Bb4 Nc6 39. Bc5 g6 40. g3 h5 41. Ke3 Ke6 42. Bb6 Kd5 43. Bc7 a5 44. Bb6 b4 45. axb4 axb4 46. Kd2 Ke4 47. Bf2 Nd4 48. Kc1 Kd3 49. Be1 Ne2+ 50. Kb2 Nc3 51. Bf2 Nd1+ 0-1

[Event "4NCL Online Division 5"]
[Site "online"]
[Date "2021.04.20"]
[EventDate "2021.04.20"]
[Round "7.112"]
[White "Hunnable, Ian D"]
[WhiteElo "1939"]
[WhiteTeam "Redbridge All Sorts 1"]
[Black "McNish, David"]
[BlackElo "1776"]
[BlackTeam "Enfield 1"]
[Result "1-0"]
[PlyCount "123"]

1. Nf3 Nf6 2. d4 g6 3. Nc3 Bg7 4. e4 d6 5. Bc4 O-O 6. Bg5 c6 7. a4 a6 8. O-O Qc7 9. Qd2 e5 10. dxe5 dxe5 11. Bh6 Rd8 12. Qg5 Nbd7 13. Rfd1 b6 14. Bxg7 Kxg7 15. Rd2 Bb7 16. Rad1 b5 17. axb5 axb5 18. Bb3 b4 19. Na2 h6 20. Qe3 c5 21. Nc1 c4 22. Ba2 Bxe4 23. Nxe5 Qxe5 24. f3 c3 25. bxc3 bxc3 26. Rd4 Qc5 27. fxe4 Ne5 28. Qf2 Rxd4 29. Qxd4 Qxd4+ 30. Rxd4 Neg4 31. Rc4 Rd8 32. Nd3 Ra8 33. Nc1 Rd8 34. Nd3 h5 35. h3 Ne3 36. Rxc3 Nxe4 37. Rc7 Nd6 38. Ne5 Ra8 39. Bb3 Ra1+ 40. Kf2 Nef5 41. g4 hxg4 42. hxg4 Ne4+ 43. Ke2 Nfd6 44. Nxf7 Nxf7 45. Rxf7+ Kh6 46. Rf3 Ng5 47. Rf1 Ra7 48. Bd5 Re7+ 49. Kd3 Rd7 50. c4 Ra7 51. Kd4 Rd7 52. Kc5 Kg7 53. Kc6 Rd8 54. Kc7 Rh8 55. c5 Re8 56. c6 Re5 57. Kd6 Re8 58. c7 Nh7 59. Rf7+ Kg8 60. Re7+ Kf8 61. Rxe8+ Kxe8 62. c8=Q# 1-0

[Event "4NCL Online Division 5"]
[Site "online"]
[Date "2021.04.20"]
[EventDate "2021.04.20"]
[Round "7.113"]
[White "O'Caolaidhe, Cormac"]
[WhiteElo "1564"]
[WhiteTeam "Enfield 1"]
[Black "Barton, Tom A"]
[BlackElo "1909"]
[BlackTeam "Redbridge All Sorts 1"]
[Result "1-0"]
[PlyCount "77"]

1. d4 Nf6 2. Nc3 g6 3. Bg5 Bg7 4. e4 d6 5. Qd3 O-O 6. Nf3 c6 7. O-O-O a5 8. h4 h5 9. Bxf6 exf6 10. Nd2 f5 11. f3 Na6 12. Qe3 Nc7 13. Bd3 Qf6 14. exf5 Bxf5 15. Bxf5 Qxf5 16. Qg1 Ne6 17. g4 Qf6 18. gxh5 gxh5 19. Nde4 Qf4+ 20. Kb1 d5 21. Ne2 Qxf3 22. N4c3 Kh8 23. Rd3 Qf6 24. Qd1 Qh6 25. Ng3 Nxd4 26. Rxd4 Bxd4 27. Qxd4+ f6 28. Nf5 Qh7 29. Qf4 Rae8 30. a3 Re5 31. Rf1 Qg6 32. Rf3 Kh7 33. Nd4 Qg4 34. Rf2 Qxf4 35. Rxf4 f5 36. Nf3 Re3 37. Nd1 Re2 38. Kc1 Kg6 39. Nc3 1-0

[Event "4NCL Online Division 5"]
[Site "online"]
[Date "2021.04.20"]
[EventDate "2021.04.20"]
[Round "7.114"]
[White "Karacsony, Istvan"]
[WhiteElo "1945"]
[WhiteTeam "Redbridge All Sorts 1"]
[Black "Kapur, Gul"]
[BlackElo "1466"]
[BlackTeam "Enfield 1"]
[Result "1-0"]
[PlyCount "93"]

1. Nf3 c6 2. g3 d5 3. Bg2 Bf5 4. O-O Nf6 5. b3 Nbd7 6. Bb2 e6 7. d3 Be7 8. Nbd2 c5 9. c4 d4 10. Nh4 Qc7 11. Nxf5 exf5 12. e3 dxe3 13. fxe3 g6 14. Qf3 O-O-O 15. e4 Ne5 16. Bxe5 Qxe5 17. exf5 Rd7 18. Ne4 Qd4+ 19. Nf2 g5 20. Rae1 h5 21. Qe3 Qxe3 22. Rxe3 Bd8 23. Rfe1 a5 24. R1e2 h4 25. g4 Rd4 26. h3 b6 27. Bc6 Kc7 28. Bb5 Kd6 29. Kg2 Kc7 30. Kf3 Rf4+ 31. Kg2 Kc8 32. Ne4 Nxe4 33. dxe4 Bc7 34. e5 Rd8 35. e6 fxe6 36. fxe6 Bd6 37. e7 Bxe7 38. Rxe7 Rfd4 39. Rg7 Rd2 40. Kf2 Rf8+ 41. Ke1 Rd3 42. Ree7 Rfd8 43. Ba6+ Kb8 44. Rb7+ Ka8 45. Ra7+ Kb8 46. Rgb7+ Kc8 47. Rxb6# 1-0

[Event "4NCL Online Division 5"]
[Site "online"]
[Date "2021.04.20"]
[EventDate "2021.04.20"]
[Round "7.121"]
[White "Siddle, Michael"]
[WhiteElo "1477"]
[WhiteTeam "Bishop Knights"]
[Black "Mooney, David Paul"]
[BlackElo "2181"]
[BlackTeam "Chessable White Rose 3"]
[Result "0-1"]
[PlyCount "72"]

1. c4 e5 2. g3 Nf6 3. Bg2 c6 4. Nc3 d5 5. b3 d4 6. Ne4 Nxe4 7. Bxe4 Nd7 8. Bg2 Nf6 9. d3 Bb4+ 10. Bd2 a5 11. a3 Bxd2+ 12. Qxd2 O-O 13. Nh3 e4 14. Nf4 Bf5 15. O-O Re8 16. Qb2 exd3 17. exd3 g5 18. Bh3 Qd7 19. Bxf5 Qxf5 20. Ng2 Qxd3 21. Rad1 Qc3 22. Qb1 Qf3 23. Rxd4 Rad8 24. Rxd8 Rxd8 25. Ne3 Ne4 26. Qe1 Nd2 27. Qd1 Qe4 28. Qg4 Qxg4 29. Nxg4 Nxf1 30. Kxf1 Rd3 31. b4 Rxa3 32. b5 cxb5 33. cxb5 Rb3 34. Nf6+ Kg7 35. Ne8+ Kg6 36. Nd6 a4 0-1

[Event "4NCL Online Division 5"]
[Site "online"]
[Date "2021.04.20"]
[EventDate "2021.04.20"]
[Round "7.122"]
[White "Arnott, Jonathan W"]
[WhiteTitle "CM"]
[WhiteElo "2092"]
[WhiteTeam "Chessable White Rose 3"]
[Black "Clynes, Chris"]
[BlackElo "1398"]
[BlackTeam "Bishop Knights"]
[Result "1-0"]
[PlyCount "37"]

1. e4 e6 2. d4 d5 3. Nc3 Bb4 4. exd5 Bxc3+ 5. bxc3 exd5 6. Bd3 Nf6 7. Ba3 b6 8. Nf3 Bg4 9. Qe2+ Be6 10. Ng5 Qd7 11. Bf5 Kd8 12. Nxf7+ Qxf7 13. Bxe6 Qe8 14. O-O Qc6 15. Be7+ Ke8 16. Bxf6 Kf8 17. Be7+ Ke8 18. Bg5 Nd7 19. Bxd5+ 1-0

[Event "4NCL Online Division 5"]
[Site "online"]
[Date "2021.04.20"]
[EventDate "2021.04.20"]
[Round "7.123"]
[White "Clynes, Jamie"]
[WhiteElo "874"]
[WhiteTeam "Bishop Knights"]
[Black "Busuioc, Alexandra"]
[BlackElo "1953"]
[BlackTeam "Chessable White Rose 3"]
[Result "0-1"]
[PlyCount "62"]

1. d4 d6 2. c4 Nf6 3. Nc3 g6 4. Nf3 Bg7 5. Bf4 O-O 6. e3 Nh5 7. Bg5 f6 8. Bh4 g5 9. Nxg5 fxg5 10. Bxg5 Nf6 11. Bd3 Bg4 12. Qc2 Nbd7 13. Ne4 h6 14. Nxf6+ Nxf6 15. Bxf6 Rxf6 16. O-O Qf8 17. f3 Bf5 18. e4 Bg6 19. Qb3 Rf7 20. c5 Bxd4+ 21. Kh1 Kh8 22. Bc4 Rg7 23. cxd6 exd6 24. Qxb7 c5 25. Qb3 Rb8 26. Qc2 Rxb2 27. Qc1 Rxg2 28. Qxh6+ Bh7 29. Rab1 Rg1+ 30. Rxg1 Qxf3+ 31. Rg2 Qxg2# 0-1

[Event "4NCL Online Division 5"]
[Site "online"]
[Date "2021.04.20"]
[EventDate "2021.04.20"]
[Round "7.124"]
[White "Parkhouse, Max"]
[WhiteElo "1880"]
[WhiteTeam "Chessable White Rose 3"]
[Black "Hamish, Mackenzie"]
[BlackElo "700"]
[BlackTeam "Bishop Knights"]
[Result "1-0"]
[PlyCount "44"]

1. d4 Nf6 2. Bf4 d5 3. e3 c5 4. c3 Nc6 5. Nd2 e6 6. Ngf3 c4 7. b3 b5 8. a4 b4 9. bxc4 bxc3 10. Nb1 Bb4 11. Qc2 O-O 12. c5 Ba5 13. Bb5 Nb4 14. Qb3 c2 15. Nbd2 a6 16. Bd3 Nxd3+ 17. Qxd3 Ne4 18. O-O Bc3 19. Ra2 Nxd2 20. Nxd2 Qa5 21. Qxc2 Bxd2 22. Qxd2 Qb5 1-0

[Event "4NCL Online Division 5"]
[Site "online"]
[Date "2021.04.20"]
[EventDate "2021.04.20"]
[Round "7.131"]
[White "Smith, Richard"]
[WhiteElo "1462"]
[WhiteTeam "Uxbridge Destroyers"]
[Black "Davis, Cameron"]
[BlackElo "1589"]
[BlackTeam "Stroud Middles"]
[Result "0-1"]
[PlyCount "48"]

1. c4 c6 2. Nf3 Nf6 3. Nc3 d5 4. cxd5 cxd5 5. e3 Nc6 6. d4 Bf5 7. a3 e6 8. Nh4 Bg4 9. Qa4 g5 10. Nf3 Bxf3 11. gxf3 a6 12. Bd2 b5 13. Qc2 Rc8 14. Bh3 Bd6 15. f4 gxf4 16. exf4 Nxd4 17. Qd3 Nb3 18. Rd1 Nxd2 19. Qxd2 b4 20. Ne2 bxa3 21. bxa3 Rg8 22. Kf1 Ne4 23. Qd3 Qh4 24. Rg1 Qxf2# 0-1

[Event "4NCL Online Division 5"]
[Site "online"]
[Date "2021.04.20"]
[EventDate "2021.04.20"]
[Round "7.132"]
[White "Killey, Ainsley"]
[WhiteElo "1606"]
[WhiteTeam "Stroud Middles"]
[Black "Suyash Srikanta Prasad"]
[BlackElo "1347"]
[BlackTeam "Uxbridge Destroyers"]
[Result "1/2-1/2"]
[PlyCount "56"]

1. e4 c5 2. Nf3 d6 3. d4 cxd4 4. Nxd4 Nf6 5. Nc3 a6 6. Bc4 e6 7. Bb3 Be7 8. O-O O-O 9. a4 Nbd7 10. Bxe6 Nc5 11. Bd5 Nxd5 12. exd5 Bf6 13. Be3 Re8 14. h3 Ne4 15. Nxe4 Rxe4 16. c3 Bxd4 17. Bxd4 Bf5 18. Qf3 Bg6 19. Rfe1 Qh4 20. Rxe4 Bxe4 21. Qg3 Qxg3 22. fxg3 Bxd5 23. Re1 Bc6 24. a5 Re8 25. Rxe8+ Bxe8 26. g4 g6 27. Kf2 Kf8 28. g3 Ke7 1/2-1/2

[Event "4NCL Online Division 5"]
[Site "online"]
[Date "2021.04.20"]
[EventDate "2021.04.20"]
[Round "7.133"]
[White "Hasan, Abu"]
[WhiteElo "1376"]
[WhiteTeam "Uxbridge Destroyers"]
[Black "Sarpotdar, Angad"]
[BlackElo "1448"]
[BlackTeam "Stroud Middles"]
[Result "0-1"]
[PlyCount "72"]

1. e4 c5 2. Bc4 Nc6 3. Nf3 g6 4. d4 cxd4 5. Nxd4 Bg7 6. Nxc6 bxc6 7. O-O d6 8. Nc3 Nf6 9. e5 dxe5 10. Qxd8+ Kxd8 11. Bxf7 Kc7 12. Na4 e6 13. Nc5 Kd6 14. Be3 Ke7 15. f4 e4 16. Bxe6 Bxe6 17. Bd4 Rad8 18. c3 Bd5 19. Rfe1 Rhe8 20. Nb7 Rb8 21. Bc5+ Kd7 22. c4 Rxb7 23. cxd5 cxd5 24. Bd4 Ke6 25. g4 Nxg4 26. Bxg7 Rxg7 27. h3 Nf6 28. Rac1 Kf5 29. Rc6 Re6 30. Rxe6 Kxe6 31. Kg2 Kf5 32. Rf1 Nh5 33. h4 Rc7 34. Kh3 Rc2 35. Rd1 Nxf4+ 36. Kg3 Rg2# 0-1

[Event "4NCL Online Division 5"]
[Site "online"]
[Date "2021.04.20"]
[EventDate "2021.04.20"]
[Round "7.134"]
[White "Southcott, Vince"]
[WhiteElo "1361"]
[WhiteTeam "Stroud Middles"]
[Black "Martellotta, Gabriele"]
[BlackElo "1352"]
[BlackTeam "Uxbridge Destroyers"]
[Result "1-0"]
[PlyCount "79"]

1. d4 d5 2. c4 Nf6 3. Nc3 e6 4. Bg5 c5 5. e3 b6 6. Bd3 dxc4 7. Bxc4 Bb7 8. Nf3 Nbd7 9. O-O Be7 10. Bb5 O-O 11. Re1 a6 12. Bd3 Nd5 13. Ne4 Nb4 14. Bb1 Bxe4 15. Bxe4 Bxg5 16. Bxa8 Bf6 17. Be4 Qc7 18. a3 Nd5 19. Rc1 Rd8 20. Bxd5 exd5 21. e4 dxe4 22. Rxe4 Nf8 23. b4 Ne6 24. bxc5 bxc5 25. Qa4 a5 26. d5 Nf8 27. Rd1 h6 28. Rc4 Nd7 29. Qc2 Qd6 30. Qd2 Nb6 31. Re4 Ra8 32. Rde1 Kh7 33. Qc2 g6 34. h4 h5 35. Ng5+ Kg7 36. Re8 Ra7 37. Ne4 Qf4 38. Nxf6 Qxf6 39. Qxc5 Rd7 40. Qf8+ 1-0

[Event "4NCL Online Division 5"]
[Site "online"]
[Date "2021.04.20"]
[EventDate "2021.04.20"]
[Round "7.141"]
[White "Bromilow, Edward T"]
[WhiteElo "1885"]
[WhiteTeam "Ashfield Anonymous C"]
[Black "Coote, Trevor D"]
[BlackElo "2068"]
[BlackTeam "Brentwood B"]
[Result "0-1"]
[PlyCount "100"]

1. e4 g6 2. d4 Bg7 3. Be3 d6 4. h3 Nf6 5. Nc3 O-O 6. f4 c5 7. dxc5 Qa5 8. Bd3 dxc5 9. Bd2 Qd8 10. e5 Nd5 11. Nxd5 Qxd5 12. Qe2 Nc6 13. Nf3 Be6 14. Be4 Qd7 15. a3 Nd4 16. Nxd4 cxd4 17. Qf3 Rac8 18. O-O f5 19. Bd3 Bd5 20. Qf2 Be4 21. Qe2 Bxd3 22. Qxd3 Rfd8 23. Rac1 Qd5 24. Rfe1 e6 25. Bb4 Bh6 26. g3 a5 27. Be7 Rd7 28. Bf6 b5 29. Re2 Bf8 30. g4 Qc4 31. Rd2 Rdc7 32. Qxc4 Rxc4 33. Kg2 b4 34. axb4 Bxb4 35. c3 dxc3 36. bxc3 fxg4 37. hxg4 a4 38. Rcd1 Bf8 39. Rd4 a3 40. Rxc4 Rxc4 41. Rd8 Ra4 42. Be7 a2 43. Rxf8+ Kg7 44. Rf6 Ra8 45. Rxe6 a1=Q 46. Bf6+ Kg8 47. Rc6 Ra2+ 48. Kg3 Qg1+ 49. Kh4 Qh1+ 50. Kg5 Qxc6 0-1